000 00634nam a22002417a 4500
003 UA-OsUOA
001 88391
007 ta
008 20121005b un ||||| |||| 00| 0 ukr d
100 _aЯгупова С.
090 _a821.161.2
_bЯ31
942 _cBK
040 _aUA-OsUOA
_bukr
_cUA-OsUOA
_dUA-OsUOA
245 _aФеникс
_bфантастический роман
300 _a232 с.
955 _a3
041 _aukr
080 _a821.161.2
020 _a5-7720-0068-3
260 _aК.
_bМолодь
_c1988
650 7 _a82 Література. Літературознавство
_2UDC
999 _c374456
_d374456